000 00612nam a2200193Ia 4500
003 IN-BaIIA
008 211028s9999 xx 000 0 eng d
040 _cIIA Library
080 _a047.1:539.1
_bPRO-11
245 0 _aProgress in nuclear physics
_bvol. 11
_cedited by Brink D. M. and Mulvey J. H.
260 _aLondon
_bPergamon Press
_c1970
300 _avii, 320p.
650 _aHigh energy interactions
650 _aNASA Thesaurus
650 _aNuclear research
700 _aMulvey, J. H., ed.
_96307
700 _aMulvey, J. H., ed.
_96307
942 _cBK
999 _c3566
_d3566